| 000 | 00688nam a2200253 i 4500 | ||
|---|---|---|---|
| 001 | bg | ||
| 100 | 1 | _aSIREJOLS, Èvelyne | |
| 245 | 1 | 0 |
_aGrammaire : _bexercices niveau grand débutant / _cÈvelyne Sirejols, Giovanna Tempesta. |
| 260 |
_aParis : _bCLE, _ccop. 1995. |
||
| 300 |
_a95 s. ; _c28 cm. |
||
| 490 | 1 | _aEntraînez-vous | |
| 504 | _aIndeks. | ||
| 650 | 9 |
_aJęzyk francuski _xgramatyka |
|
| 655 | _aĆwiczenia i zadania | ||
| 700 | 1 | _aTEMPESTA, Giovanna | |
| 830 | _aEntraînez-vous | ||
| 020 | _a2190338425 | ||
| 040 | _cBPK | ||
| 041 | 0 | _apl | |
| 080 | _a811.133.1'36(076) | ||
| 920 | _a2-19-033842-5 | ||
| 942 | _cKS | ||
| 008 | s pl f |000 0 pol | ||
| 999 |
_c36262 _d36262 |
||